000 00639nam a2200217 i 4500
001 C2-0136041
003 PPAK
005 20180727124048.0
008 971204s1978 at |||| ||||| | eng d
040 _aPPAK
_beng
_cPPAK
_erda
082 0 4 _a895
_223
090 0 0 _a895
_bLIT
_dKIH
245 0 0 _aLiterature and social change in Asia Colloquium (1978 : Australia) :
_bprogram
264 1 _aAustralia :
_bAustralian National University ,
_c1978
300 _a10 pages ;
_c30 cm
336 _2rdacontent
_atext
337 _2rdamedia
_aunmediated
338 _2rdacarrier
_avolume
650 1 0 _aLiterature - Social aspects
942 _ddc
_cB
999 _c42738
_d42738